| 000 | 00557nam a2200145Ia 4500 | ||
|---|---|---|---|
| 008 | 210716s2007 xx 000 0 und d | ||
| 041 | _aeng | ||
| 082 | _a004 HANU | ||
| 100 | _aHanumesh, V J;Acharya, Seema. | ||
| 245 |
_aFoundation program: relation database management system client server concpts introductin to web technologies. _bRelation database management system client server concpts introductin to web technologies. |
||
| 250 | _a1 | ||
| 260 |
_aBangalore _bInfosys Technologies Ltd _c2007 |
||
| 300 | _avi,187 | ||
| 650 | _aComputer Fundamentals | ||
| 999 |
_c188450 _d188450 |
||